000 00473nam a2200169 a 4500
020 _a0697340694
040 _cDLC
082 0 0 _a940 MCG 1998 A101 Or.
100 1 _aFiero, Gloria K.
245 1 0 _aMedieval Europe and the world beyond /
250 _a3rd ed.
260 _aNew York :
_bMcGraw-Hill,
_cc1998.
300 _axiii, 176 p. :
_bill. (some col.), col. maps ;
_c28 cm.
490 1 _aThe humanistic tradition ;
650 0 _aCivilization, Medieval.
942 _cEK
999 _c13626
_d13626